Sustainable Development for Mass Urbanization /

Gespeichert in:
Bibliographische Detailangaben
1. Verfasser: Hossain, Faruque (Verfasst von)
Format: Buch
Sprache:Englisch
Veröffentlicht: Amsterdam: Elsevier, 2019
Ausgabe:1. vyd.
Tags: Tag hinzufügen
Keine Tags, Fügen Sie das erste Tag hinzu!

MARC

LEADER 00000nam a22000003a 4500
001 0116969
003 SK-STU
005 20250904103345.0
007 ta
008 250904s ----xo-----e------000-0-----d
020 |a 978-0-12-817690-0 
040 |a STU  |b slo 
041 0 |a eng  |h eng 
044 |a ne 
100 1 |a Hossain, Faruque   |4 aut 
245 1 0 |a Sustainable Development for Mass Urbanization /  |c aut. Faruque Hossain 
250 |a 1. vyd. 
260 |a Amsterdam:  |b Elsevier,  |c 2019 
300 |a 382 s. 
996 |b 284V038294  |c V* 53747/O-24817  |l VVT  |s P  |a 0  |w 0116969_0001